| 000 | 01028cab a2200241 4500 | ||
|---|---|---|---|
| 001 | WB3521-25 | ||
| 008 | 090401t1999 xxu||||| |||| 00| 0 eng d | ||
| 035 | _a(Sirsi) u93711 | ||
| 041 | _aeng | ||
| 245 | _aAssured shorthold tenancy | ||
| 260 | _c1999 | ||
| 350 | _a0 | ||
| 490 |
_aEstates Gazette _v[1999] EGCS 73 (29/05/1999) |
||
| 520 | _aClickex Ltd v McCann CA 14 May 1999. Landlord (C) served notice of assured shorthold tenancy under Housing Act 1988 s20. Both parties signed a tenancy agreement. Tenant (M) moved in later than expected and C changed dates on tenancy agreement. C sought possession and M resisted claiming tenancy assured and not assured shorthold. Judge held s20 notice valid. M appealed. Appeal allowed. | ||
| 650 | _aASSURED SHORTHOLD TENANCIES | ||
| 650 | _aASSURED TENANCY | ||
| 650 | _aCLICKEX LTD V MCCANN | ||
| 650 | _aHOUSING ACT 1988 S20 | ||
| 650 | _aPOSSESSION PROCEEDINGS | ||
| 690 | _aLANDLORD AND TENANT-CASE LAW-RESIDENTIAL TENANCIES | ||
| 942 | _n0 | ||
| 948 | _c02/06/1999 | ||
| 999 |
_c59402 _d59402 |
||